Roue de la fortune - Mort subite #2 - Statistiques

Statistiques générales
  • Ce quiz a été pris 344 fois
  • Le résultat moyen est 12 sur 15
Statistiques - réponses
% Correct
E
99%
E
99%
E
99%
E
99%
A
96%
L
89%
R
79%
R
79%
N
78%
S
73%
I
71%
O
71%
D
68%
P
66%
F
51%
Aucun quiz correspondant
Distribution des résultats
% des personnes avec chaque résultat
Percentile par nombre de réponses
Votre historique - résultats
Vous n’avez pas pris ce quiz